| 000 | 01378nam a2200337 c 4500 | ||
|---|---|---|---|
| 003 | BLK | ||
| 005 | 20230407030353.0 | ||
| 008 | 180408b bul|||||r ||||||| ||bul|| | ||
| 010 | _aKNG00037167000 | ||
| 020 |
_a954-90251-6-0 _bиздат.: Ракла |
||
| 040 | _aBLK | ||
| 041 |
_aBUL _cBUL |
||
| 080 |
_aБългарска литература _b821.163.2 _x.09(075.3) _z821.163.2.09(075.3) |
||
| 100 | 1 |
_aЛазаров, Стойко Йорданов _eпърви автор _9261881 |
|
| 139 |
_aЛазаров, Стойко Йорданов _bЛ 14 |
||
| 245 | 1 | 0 |
_aБългарската литература _bНаблюдения и анализи : За зрелостници и кандидат-студенти _cСтойко Йорданов Лазаров. |
| 257 | _aBGR | ||
| 260 |
_аСофия _bРакла _c2001 _fВраца : Полипринт ООД |
||
| 300 |
_a192 с. _c21 см |
||
| 380 | _a82 | ||
| 500 | _aСПЕЦ. ФОНД - Ч | ||
| 650 | 4 |
_aБългарска литература - учебници за средни училища _9242481 |
|
| 653 | _aлитература | ||
| 653 | _aбългарска литература | ||
| 653 | _aучебници за средни училища | ||
| 852 | _aЦб 209520 | ||
| 856 | 4 |
_qpdf _u |
|
| 856 | 4 |
_qpdf _u |
|
| 942 |
_cKNG _n0 _01 |
||
| 944 |
_aCR _c15.01.2003 _kМилена_Ачева |
||
| 944 |
_aED _c08.01.2009 _k |
||
| 999 |
_c34466 _d34466 |
||